Desarrollo económico y cambio tecnológico : teoría, marco global e implicaciones para México /

Bewaard in:
Bibliografische gegevens
Coauteur: Seminario Desarrollo Económico y Cambio Tecnológico ( México)
Andere auteurs: Ranfla González, Arturo (coordinación) (coordinación), Rivera Ríos, Miguel Angel (coordinación) (coordinación), Caballero Hernández, René (coordinación) (coordinación)
Formaat: Conferentie akten Boek
Taal:Spaans
Gepubliceerd in: Mexicali, México : México : Universidad Autónoma de Baja California ; UNAM, Facultad de Economía: Juan Pablos 2015, c2015
Onderwerpen:
Tags: Voeg label toe
Geen labels, Wees de eerste die dit record labelt!

MARC

LEADER 00000nam^a2200000^a^4500
001 000383999
005 20250521000000.0
009 20260310120852.048
020 |a 978-607-02-6619-5 
020 |a 978-607-711-282-2 
037 |a Acervo ITESO - Biblioteca 
041 |a ESP 
082 |a 330. 972  |b SED 2014 
111 |a Seminario Desarrollo Económico y Cambio Tecnológico (  |d 2014 :  |c México) 
245 1 0 |a Desarrollo económico y cambio tecnológico :  |b teoría, marco global e implicaciones para México /  |c Coord. de A. Ranfla González, M.A. Rivera Ríos, R. Caballero Hernández. 
264 4 |a Mexicali, México :  |b Universidad Autónoma de Baja California ;  |a México :  |b UNAM, Facultad de Economía:  |b Juan Pablos  |c 2015, c2015 
300 |a 457 p. 
336 |a texto  |b txt  |2 rdacontenido 
337 |a sin mediación  |b n  |2 rdamedio 
338 |a volumen  |b nc  |2 rdasoporte 
649 |a XX 
650 |a Desarrollo Tecnológico -  |z México 
650 |a Desarrollo Tecnológico -  |x Teoría 
650 |a Desarrollo Tecnológico -  |x Congresos -  |x Tema Principal 
650 |a Desarrollo Económico-Social -  |z México 
650 |a Desarrollo Económico-Social -  |x Teoría 
650 |a Desarrollo Económico-Social -  |x Congresos -  |x Tema Principal 
650 |a Política Industrial -  |z México 
650 |a Política Social -  |z México 
650 |a Política Económica -  |z México 
650 |a Globalización 
650 |a Economía -  |z México -  |x Historia -  |y Siglo XX 
650 |a Economía -  |z México -  |x Historia -  |y Siglo XXI 
700 |a Ranfla González, Arturo  |e (coordinación) 
700 |a Rivera Ríos, Miguel Angel  |e (coordinación) 
700 |a Caballero Hernández, René  |e (coordinación) 
910 |a Fondo General 
920 |a Impresos - Libros 
930 |a Colección General 
905 |a 101 
901 |a 0500278084  |b IT1  |c ACC  |i D77084  |u 20250521 
902 |a https://opac.biblio.iteso.mx/vufind/Record/000383999